|
|
|
|
| LEADER |
00000nbm0a2200000 4500 |
| 001 |
139217 |
| 005 |
20231031141653.0 |
| 035 |
|
|
|a (RuTPU)RU\TPU\book\150824
|
| 090 |
|
|
|a 139217
|
| 100 |
|
|
|a 20080604d1967 k y0rusy50 ca
|
| 101 |
0 |
|
|a rus
|
| 102 |
|
|
|a RU
|
| 105 |
|
|
|a a m 001zy
|
| 200 |
1 |
|
|a Теоретическое и экспериментальное исследование электромеханических поворотных преобразователей с поперечным движением якоря
|e диссертация на соискание ученой степени кандидата технических наук
|f Ю. Ф. Левдиков
|g Институт электромеханики ; науч. рук. И. Д. Кутявин
|
| 210 |
|
|
|a Томск
|d 1967
|
| 215 |
|
|
|a 141 л.
|c ил.
|
| 320 |
|
|
|a Библиогр.: с. 134-141 (87 назв.)
|
| 371 |
0 |
|
|a For_staff_use
|
| 610 |
1 |
|
|a диссертации
|
| 610 |
1 |
|
|a поворотные преобразователи
|
| 610 |
1 |
|
|a поперечное движение
|
| 610 |
1 |
|
|a якори
|
| 610 |
1 |
|
|a теоретические исследования
|
| 610 |
1 |
|
|a экспериментальные исследования
|
| 610 |
1 |
|
|a электромеханические преобразователи
|
| 610 |
1 |
|
|a конструкции
|
| 610 |
1 |
|
|a схемы
|
| 610 |
1 |
|
|a классификации
|
| 610 |
1 |
|
|a статические характеристики
|
| 610 |
1 |
|
|a параметры
|
| 610 |
1 |
|
|a поляризованные электромагниты
|
| 610 |
1 |
|
|a динамические характеристики
|
| 675 |
|
|
|a 621.314(04)
|v 3
|
| 700 |
|
1 |
|a Левдиков
|b Ю. Ф.
|
| 702 |
|
1 |
|a Кутявин
|b И. Д.
|4 727
|
| 712 |
0 |
2 |
|a Институт электромеханики
|2 stltpush
|3 (RuTPU)RU\TPU\col\3021
|
| 801 |
|
1 |
|a RU
|b 63413507
|c 20080604
|g PSBO
|
| 801 |
|
2 |
|a RU
|b 63413507
|c 20080617
|g PSBO
|
| 942 |
|
|
|c BK
|